000 00459nam a22001817a 4500
003 LK-CoMWRAF
005 20230909013913.0
008 230909b1977 |||||||| |||| 00| 0 eng d
020 _a0584106815
040 _aLK-CoMWRAF
_dLK-CoMWRAF
_eLK-CoMWRAF
041 _aeng
082 _a635.9
_bSTR
100 _aStrong, Patience
245 _aThe Garden through the year
260 _aLondon :
_bFrederick muller Ltd
_c1977
650 _aGardening
942 _cBK
999 _c3500
_d3500